Flagi państw Europy - Statystyki

Ogólne statystyki
  • Ten quiz został rozwiązany 58 razy
  • Średni wynik to 37 z 45
Statystyki odpowiedzi
Obrazkowy Odpowiedź % Poprawnych
Belgia
96%
Czechy
96%
Albania
94%
Białoruś
94%
Francja
94%
Hiszpania
92%
Niemcy
92%
Polska
92%
Rosja
92%
Bośnia i Hercegowina
90%
Estonia
90%
Grecja
90%
Austria
88%
Chorwacja
88%
Portugalia
88%
Szwecja
88%
Ukraina
88%
Holandia
86%
Szwajcaria
86%
Dania
84%
Irlandia
84%
Islandia
84%
Norwegia
84%
Litwa
82%
Macedonia
82%
Rumunia
82%
Słowacja
82%
Wielka Brytania
82%
Włochy
82%
Łotwa
80%
Malta
80%
Finlandia
78%
Luksemburg
78%
Serbia
78%
Bułgaria
76%
Monako
76%
Słowenia
76%
Andora
70%
Kosowo
70%
San Marino
70%
Watykan
70%
Węgry
70%
Czarnogóra
68%
Liechtenstein
64%
Mołdawia
64%
Nie znaleziono quizów pasujących do podanych kryteriów
Rozkład punktacji
Procent ludzi z każdym wynikiem
Percentyl według liczby udzielonych odpowiedzi
Twoja historia wyników
Nie rozwiązałeś tego quizu